000 01026nam a2200301Ia 4500
003 GCL
008 140319s9999 xx 000 0 ara d
040 _aGCL /
_cGCL
082 0 4 _aق
_b962.034
_bع ع
100 1 _aعبدالرحمن الرافعى
245 1 0 _aعصر اسماعيل /
_cعبدالرحمن الرافعى
260 _aالقاهرة :
_bدار المعارف ،
_c1987
300 _a307 \ 351 ؛
_c24 سم
650 0 4 _aمصر
650 0 4 _aالاحوال الاجتماعية
650 0 4 _aالتعليم
650 0 4 _aالاحوال السياسية
650 0 4 _aالعلاقات الخارجية
650 0 4 _aالموظفون
650 0 4 _aالسكان
650 0 4 _aالجيش
650 0 4 _aالمجتمع المصرى
650 0 4 _aعباس حلمى الاول 1853-1849
650 0 4 _aالمجالس التشريعية
650 0 4 _aقناة السويس
650 0 4 _aمصر - تاريخ - العصر الحديث - عصر اسماعيل ( 1863-1879 م )
942 _2ddc
_cBK
999 _c52916
_d52916